000 00631nam a2200205 4500
001 113237
003 ES-MaACL
007 t|
008 061121s1970 mx r ||||1| spa d
100 1 _aMyrdal, Gunnar.
_984763
245 1 0 _aObjetividad en la investigación social /
_cpor Myrdal Gunnar ; [traducción de Remigio Jasso].
250 _a[1ª ed.].
260 _aMéxico :
_bFondo de Cultura Económica,
_c1970.
300 _a117 p. ;
_c17 cm.
490 1 _aBreviarios ;
_v212
700 1 _aJasso, Remigio.
_966156
830 0 _aBreviarios ;
_v212
_9186377
852 _aES-MaACL
_jE-6187
_bR.90726
999 _c113237
_d113237